La personnalité de l'enfant: son édification de la naissance a la fin de l'adolescence
Gardado en:
| Autor Principal: | |
|---|---|
| Formato: | Libro |
| Idioma: | francés |
| Publicado: |
Sociales Francaises
1968
|
| Edición: | 8a. ed |
| Subjects: | |
| Tags: |
Engadir etiqueta
Sen Etiquetas, Sexa o primeiro en etiquetar este rexistro!
|
MARC
| LEADER | 00000nam a2200000 a 4500 | ||
|---|---|---|---|
| 001 | UCZ6773 | ||
| 003 | CL-VaPUC | ||
| 008 | 951215e19680000FR |||||||||||||||||fre|d | ||
| 082 | 0 | 4 | |a 155.4 |b MUC |2 21 |
| 100 | |a Mucchielli, Roger |e auteur |9 351271 | ||
| 245 | 1 | 3 | |a La personnalité de l'enfant: son édification de la naissance a la fin de l'adolescence |
| 250 | |a 8a. ed | ||
| 300 | |a 197 p | ||
| 942 | |c BK | ||
| 945 | |d 19951215 00:00:00 |a cmena | ||
| 260 | |b Sociales Francaises |c 1968 | ||
| 650 | 0 | |a Psicología del desarrollo |9 307541 | |
| 650 | 0 | |a Psicología del niño |9 307305 | |
| 650 | 0 | |a Desarrollo individual |9 307875 | |
| 650 | 0 | |a Personalidad |9 307255 | |
| 650 | 0 | |a Niños |9 255605 | |
| 650 | 0 | |a Adolescencia |9 307361 | |
| 650 | 0 | |a Integración social |9 319662 | |
| 583 | |a last modification |c 20130411 11:14:38 |k Rodrigo Vera | ||
| 999 | |c 242944 |d 242942 | ||
| 952 | |0 0 |1 0 |4 0 |6 155_400000000000000_MUC_1968 |7 0 |8 P |9 256278 |a BIBEDU |b BIBEDU |c BIBEDU_PB |d 2019-11-19 |i 1608231 |o 155.4 MUC 1968 |p 1608231 |r 2024-01-25 |w 2019-11-19 |y BK |k EDU | ||